[Event "RUS-ch Superfinal"]
[Site "Moscow"]
[Date "2006.12.10"]
[Round "7"]
[White "Jakovenko, Dmitrij"]
[Black "Khairullin, Ildar"]
[Result "0-1"]
[WhiteElo "2671"]
[BlackElo "2543"]
[Annotator "Ftacnik,L"]
[PlyCount "80"]
[EventDate "2006.12.03"]
[EventType "tourn"]
[EventRounds "11"]
[EventCountry "RUS"]
[EventCategory "15"]
[SourceTitle "CBM 116"]
[Source "ChessBase"]
[SourceDate "2007.02.01"]
[SourceVersion "1"]
[SourceVersionDate "2007.02.01"]
[SourceQuality "1"]

1. e4 c5 2. Nf3 d6 3. d4 cxd4 4. Nxd4 Nf6 5. Nc3 a6 6. Be3 e5 7. Nf3 Be7 8. Bc4
O-O 9. O-O Nc6 10. Re1 (10. Bg5 Be6 11. Qe2 Rc8 12. Bb3 Na5 13. Rfd1 Qc7 14.
Bxf6 Bxf6 15. Nd5 Bxd5 16. Rxd5 Nxb3 17. cxb3 Qb8 18. Rad1 Rc6 $11 {Khairullin,
I-Andriasian,Z/Yerevan/2006/}) (10. Qe2 Na5 11. Bb3 h6 12. Rfd1 Nxb3 13. cxb3
Qe8 14. Ne1 b5 15. Nd3 a5 16. b4 a4 $132 {Khairullin,I-Alekseev,E/Moscow/2006/}
) 10... b5 {It makes sense for black to play actively in order to get some
compensation for the weakness of the d5 square.} (10... h6 11. a3 Be6 12. Nd5
b5 13. Ba2 Rc8 14. Nd2 Bxd5 15. exd5 Nb8 16. c4 $1 Nbd7 17. b4 Nb6 18. Rc1 bxc4
19. Bxb6 Qxb6 20. Nxc4 Qb5 21. Na5 $14 {Short,N-Anand,V/Monte Carlo/1993/}) (
10... Na5 11. Bf1 Be6 12. Nd5 Bxd5 13. exd5 b5 14. b3 Ng4 15. Bd2 Qb6 16. h3
Nxf2 $6 17. Bxa5 Qxa5 18. Kxf2 Qb6+ 19. Kg3 $16 {Topalov,V-Gelfand,B/Linares/
1994/}) 11. Bb3 $146 (11. Bf1 Rb8 12. Bg5 Ng4 13. Bxe7 Nxe7 14. a3 Bb7 15. Qd2
Qc7 16. Rad1 Rfd8 17. h3 Nf6 18. Qe3 Bc6 19. Bd3 Re8 {1/2-1/2 Short,N-Ehlvest,
J/Horgen 1995}) 11... Rb8 12. Bg5 Nd7 $5 {Black prefers to exchange bishops as
his knight can hope to defend the wekaness on d5 or even occupy the d4 square.}
13. Bxe7 Qxe7 14. Nd5 (14. Qd2 Nc5 15. Rad1 b4 16. Nd5 Qb7 17. Qe3 Be6 $11)
14... Qd8 15. c3 (15. Ne3 Nc5 16. Bd5 (16. h3 h6 17. Rc1 Be6 $11) 16... Nb4 $1
$132) 15... Nc5 16. Bc2 a5 (16... b4 $6 17. Ba4 $1 Ne7 18. cxb4 Nxa4 19. Nxe7+
Qxe7 20. Qxa4 $14) 17. b4 (17. a3 f5 $5 18. exf5 Bxf5 19. Bxf5 Rxf5 20. b4 Ne6
(20... e4 $6 21. bxc5 exf3 22. cxd6 Qg5 23. Ne3 $16) 21. a4 $14) 17... axb4 18.
cxb4 Ne6 {Khairullin snesibly prefers to centralize the knight and not to use
it only for control of the d5 square.} (18... Na6 19. Qd2 Be6 20. a3 Nc7 21. h3
$13) 19. Bb3 Ned4 20. Nxd4 Nxd4 21. Ne3 (21. a4 bxa4 22. Rxa4 Bd7 23. Ra7 $11)
21... Be6 22. Bd5 Rc8 (22... Qg5 $5 23. a4 bxa4 24. Rxa4 Rfc8 $15) 23. a4 {
White needs some activity otherwise black could become unpleasant with f7-f5
advance.} bxa4 24. Qxa4 Qg5 25. Rf1 (25. Kh1 $6 Bxd5 26. exd5 (26. Nxd5 $2 Nc2
$19) 26... f5 $15) 25... Rb8 (25... Ne2+ 26. Kh1 Nc3 27. Qb3 Qh6 28. Bxe6 Qxe6
$11) 26. Kh1 (26. Qa6 Rxb4 27. Qxd6 Rbb8 $11) 26... Qh4 27. Rae1 Rfc8 28. Rb1
h6 $5 {The position is about equal and black pieces well placed. He is using
the moment to get a a retreat for the king from the basic rank.} 29. b5 (29.
Qa6 Qd8 30. Qd3 Qb6 31. Rfd1 $11) 29... Bd7 30. Qa7 Bxb5 31. Nf5 $6 {Jakovenko
is getting too ambitious in the moment, when thinking about keeping balance
was more appropriate.} (31. Qxf7+ Kh7 32. Rxb5 Nxb5 (32... Rxb5 33. Nf5 Qf6 34.
Qxf6 gxf6 35. Nxd6 Rxd5 36. Nxc8 (36. exd5 Rd8 37. Ne4 Kg6 $11) 36... Rc5 37.
Ne7 $14) 33. Be6 Qf6 (33... Rf8 34. Bf5+ Kh8 35. Qg6 $14) 34. Qxf6 gxf6 35.
Bxc8 Rxc8 $11) 31... Nxf5 32. exf5 (32. Qxf7+ Kh8 33. Rxb5 Rxb5 34. Qxf5 Rbb8
$17) 32... Qf6 (32... Bxf1 $2 33. Rxb8 $16) 33. Rb3 {White is not happy with a
win of an exchange as only black could have played for win.} (33. Bc4 Bxc4 34.
Rxb8 Qxf5 $15) 33... Ra8 $1 (33... Qxf5 34. Rfb1 Qf4 35. h3 Kh7 36. Rb4 $132 (
36. Rxb5 $2 Rxb5 37. Rxb5 Rc1#)) 34. Qxf7+ Qxf7 35. Rxb5 (35. Bxf7+ Kxf7 36.
Rxb5 Ra2 37. g4 Rcc2 $15) 35... Ra2 36. Bxf7+ Kxf7 37. Rd5 $2 {Under pressure
the favourite makes a grave mistake and will pay the heavy price.} (37. g4 Rd2
$15) 37... Rxf2 $1 38. Kg1 (38. Rxf2 $2 Rc1+ $19) 38... Rxf1+ 39. Kxf1 Ke7 40.
Ke2 Rc5 {On top of everything even f5 pawn is rather exposed. The win for
black would be reasonably easy matter.} 0-1

[Event "RUS-ch Superfinal"]
[Site "Moscow"]
[Date "2006.12.10"]
[Round "7"]
[White "Khismatullin, Denis Rimovich"]
[Black "Alekseev, Evgeny V"]
[Result "0-1"]
[WhiteElo "2583"]
[BlackElo "2639"]
[Annotator "Krasenkow,M"]
[PlyCount "78"]
[EventDate "2006.12.03"]
[EventType "tourn"]
[EventRounds "11"]
[EventCountry "RUS"]
[EventCategory "15"]
[SourceTitle "CBM 116"]
[Source "ChessBase"]
[SourceDate "2007.02.01"]
[SourceVersion "1"]
[SourceVersionDate "2007.02.01"]
[SourceQuality "1"]

1. d4 Nf6 2. c4 e6 3. Nc3 Bb4 4. g3 c5 5. Nf3 cxd4 6. Nxd4 Qc7 7. Qb3 {An
aggressive alternative to the classic} (7. Qd3) 7... Bc5 (7... Na6 $6 8. Bg2 d5
9. cxd5 Nxd5 10. O-O Nxc3 11. bxc3 Bc5 12. Qb5+ Kf8 13. Nb3 Rb8 14. Nxc5 Nxc5
15. Ba3 b6 16. Rab1 {1-0 Greenfeld,A-Hoelzl,F/Balatonlelle 2002/EXT 2004}) (
7... Nc6 $6 8. Nxc6 Qxc6 $6 9. Qxb4 a5 10. Qa3 Qxh1 11. Nb5 Ra6 12. Nc7+ Kd8
13. Nxa6 bxa6 14. Qxa5+ $18 {1/2-1/2 Carlsen,M-Malakhov,V/Khanty Mansyisk 2005/
CBM 111 (48)}) 8. Bf4 {A relatively new, sharp approach} (8. Be3 {doesn't
bring White any advantage:} a6 (8... d6 $5 9. Bg2 a6 10. Nc2 (10. Na4 Ba7 11.
Nc2 Nbd7 12. O-O O-O 13. Rfd1 Bxe3 14. Nxe3 Rb8 15. Qd3 b5 16. cxb5 axb5 17.
Nc3 d5 $13 {1-0 Ward,C-Arkell,K/Swansea 1995/EXT 97/[Bulletin] (48)}) 10... O-O
11. O-O Nbd7 12. Rfd1 (12. Rac1 Rb8 13. Rfd1 b6 14. Ne4 Nxe4 15. Bxe4 Nf6 16.
Bg2 Bb7 17. Qd3 Bxg2 18. Kxg2 Bxe3 19. Nxe3 Rfd8 20. f3 Qc5 $11 {0-1 Navas,
N-Csom,I/Dubai 1986/TD (45)}) 12... Rb8 13. Bxc5 dxc5 14. Rd2 b5 15. Ne3 Bb7
16. Bxb7 Qxb7 17. Rad1 Ne5 $132 {1/2-1/2 Geller,E-Alburt,L/Reykjavik 1986/EXT
2000 (39)}) 9. Na4 (9. Nc2 b6 10. Bg2 Nc6 11. Na4 Bxe3 12. Nxe3 Rb8 13. Qc3 O-O
14. O-O b5 15. cxb5 axb5 16. Bxc6 bxa4 17. Bxa4 Qa7 18. Bc2 d5 $44 {0-1 Popov,
N-Tseshkovsky,V/Yerevan 1977/MCD (37)}) (9. h3 Nc6 10. Nxe6 fxe6 11. Bxc5 Na5
12. Qb4 Nxc4 13. Qxc4 b6 14. Bg2 Bb7 15. Bxb7 Qxb7 16. O-O Rc8 17. Na4 bxc5 18.
Nxc5 Qxb2 19. Rab1 Qa3 20. Rfc1 O-O 21. Qxa6 Qxa6 22. Nxa6 Ra8 23. Rb6 Ne4 {
1/2-1/2 Komljenovic,D-Garcia,G/Linares 1997/CBM 058 (25)}) 9... d6 10. Nxc5
dxc5 11. Nf3 e5 (11... O-O 12. Bg2 Ng4 13. O-O Nd7 14. Rfd1 Rb8 15. Bg5 Re8 16.
h3 Ngf6 17. Bxf6 Nxf6 18. Rd2 Bd7 19. Qc2 Bc6 20. Rad1 Red8 {1/2-1/2 Gorelov,
S-Yermolinsky,A/Aktjubinsk 1985/MCD}) 12. Bg2 O-O 13. O-O Re8 14. Bg5 Nbd7 15.
Nd2 Rb8 16. Rfd1 h6 17. Bxf6 Nxf6 18. Ne4 Nxe4 19. Bxe4 b5 20. cxb5 axb5 {
1/2-1/2 Nielsen,P-Anand,V/Monte Carlo 2006/CBM 111 ext}) 8... d6 $6 (8... e5 $5
9. Ncb5 (9. Ndb5 $5 $13) 9... Qa5+ 10. Bd2 Qb6 11. Nf5 d5 (11... Bxf2+ $5 12.
Kd1 O-O 13. Nbd6 $44) 12. Nbd6+ Bxd6 13. Qxb6 axb6 14. Nxd6+ Ke7 15. Bb4 Be6
16. Nc8+ Ke8 17. Nxb6 Ra6 18. Nxd5 Nxd5 19. cxd5 Bxd5 20. f3 Rxa2 21. Rxa2 Bxa2
22. Bh3 $14 {1/2-1/2 Botsari,A-Lalic,S/Pula 1997/CBM 057 ext (23)}) 9. Ndb5 Qc6
10. O-O-O $4 {[%mdl 512] There was no need to sacrifice material.} ({After} 10.
Rg1 $1 {Black apparently faces serious problems, e.g.} e5 (10... a6 11. Bg2 Qd7
12. Qa4 O-O 13. O-O-O e5 14. Be3 Bxe3+ 15. fxe3 Ng4 16. Nd5 $16) 11. Bg2 Bxf2+
(11... Qd7 12. Be3 O-O 13. O-O-O $16) 12. Kxf2 Qb6+ (12... Qc5+ 13. Be3 Ng4+
14. Ke1 Nxe3 15. Ne4 $1 Qb6 16. Nexd6+ Ke7 17. Qc3 $16) 13. Kf1 exf4 (13... Ng4
14. e3 exf4 15. Nd5) 14. c5 $1 dxc5 15. Na4 $16) 10... Qxh1 11. Bxd6 (11. Nc7+
Ke7 12. Nxa8 Na6 $17 {[%csl Ra8]}) 11... Na6 12. Bxc5 Nxc5 13. Nc7+ Ke7 14. Qa3
b6 {Well, White is a rook down and where is his compensation?} 15. b4 Ncd7 16.
b5+ Kd8 (16... Nc5 {was possible, too.}) 17. Bh3 Qxd1+ 18. Kxd1 Kxc7 {and
Black gradually brought home his material advantage:} 19. Qe7 Rf8 20. e4 Ng8
21. Qg5 Bb7 22. Qxg7 Rad8 23. Kc2 Kb8 24. f3 Nc5 25. Bf1 f5 26. exf5 exf5 27.
Nd5 Bxd5 28. cxd5 Nf6 29. Bc4 Nb7 30. Qh6 Nd6 31. Kb3 Rf7 32. Qh4 Nxc4 33. Qxc4
Nxd5 34. Qd3 f4 35. gxf4 Rxf4 36. a3 Rf7 37. h4 Rdd7 38. h5 Nc7 39. Qe4 Nxb5
0-1

[Event "RUS-ch Superfinal"]
[Site "Moscow"]
[Date "2006.12.08"]
[Round "5"]
[White "Vitiugov, Nikita"]
[Black "Nepomniachtchi, Ian"]
[Result "1/2-1/2"]
[WhiteElo "2596"]
[BlackElo "2545"]
[Annotator "Marin,M"]
[PlyCount "117"]
[EventDate "2006.12.03"]
[EventType "tourn"]
[EventRounds "11"]
[EventCountry "RUS"]
[EventCategory "15"]
[SourceTitle "CBM 116"]
[Source "ChessBase"]
[SourceDate "2007.02.01"]
[SourceVersion "1"]
[SourceVersionDate "2007.02.01"]
[SourceQuality "1"]

1. d4 d5 2. c4 c6 3. Nf3 e6 4. Nbd2 {As an anti-Slav move order, this move is
well suited, because it inhibits the capture on c4. However, for the Catalan
Opening, to which play will transpose now, it can be said that the position of
the knight is defined too soon.} Nf6 5. g3 Nbd7 6. Bg2 Be7 7. O-O O-O 8. Qc2 b6
{For this structure, the knight would be more atively played on c3, because it
would put the d5-square under some pressure, thus cusing Black some
difficulties with the thematic pawn break ...c5. In the Catalan, White usually
makes some useful moves (Rd1, b3) waiting for Black to define the position of
his queen's bishop. Against ...Ba6, he would play Nbd2, indeed, but then
Black's control over the d5-square would also be weakened, while against ...
Bb7, the knight should go to c3.} 9. e4 {There is also a reversed side of the
whole issue: with the knight on c3, White would need to spend a tempo on b3
before playing e4, because otherwise ...dxc4 would be sort of unpleasant.} Nxe4
{But this is a significant concession already. Now, it will make no difference
where the knight had been developed to.} ({It is generally considered that} 
9... Bb7 {offers Black a good game, because} 10. e5 Ne8 {is not dangerous for
Black. In order to generate kingside threats, White will have to spend
considerable amount of time to transfer his king's bishop to the b1-h7
diagonal. This would also imply a preliminary exchange on d5, in order to
avoid problems on the long diagonal. Black would get his counterchances along
the c-file.}) 10. Nxe4 dxe4 11. Qxe4 Bb7 12. Rd1 {In the next phase of the
game, the main theme will be Black's desire to carry out the freeing move ...
c5 under favourable circumstances.} Qc8 (12... Nf6 $6 13. Qc2 Qc8 14. c5 $14 {
[%csl Gb7] The passivity of the b7-bishop and White'sadvantage of space are
more relevant than the relative weakness of the d5-square.}) 13. Ne5 $6 {
This mov leads to premature simplifications, making a draw the most probable
result. White disposes over at least two ways ofgihting for an advantage.} (13.
Qc2 $5 {removes the queen from the exsposes central square, preparing d5 as an
answer to ...c5. Besides, the advance of the white c-pawn is supported in
certain cases.} c5 (13... h6 14. Bf4 c5 15. d5 exd5 16. cxd5 $14 {Bukic,E 
(2455)-Urzica,A (2250)/Pula 1975/MCD (1/2-1/2, 66)}) (13... Rd8 14. Bg5 Nf6 15.
c5 $14 {Stempin,P (2420)-Matlak,M (2375)/Porabka 1986/EXT 97 (1/2-1/2, 27)})
14. d5 exd5 15. cxd5 Bd6 (15... Rd8 16. Bf4 Nf8 17. Ng5 Bd6 18. Be3 Be5 19.
Rac1 h6 20. Ne4 Qd7 21. f4 Bd6 {Kustar,S (2335)-Kozlov,O (2405)/Harkany 1993/
EXT 97 (0-1, 32)} 22. Bd2 $16 {[%cal Yd2c3]}) 16. b3 Re8 17. Bb2 f6 (17... Qd8
18. Re1 h6 19. Qf5 Nf8 20. Nh4 Qd7 21. Qxd7 Nxd7 22. Bxg7 Bxg3 23. hxg3 Kxg7
24. Nf5+ Kf6 25. Nd6 $16 {Birnboim,N-Manevich,V/Tel Aviv 1978/EXT 2005 (1-0,
42)}) 18. Nh4 Qc7 19. Nf5 Ne5 20. Re1 Rad8 21. Rad1 $14 {Hausner,I (2440)
-Mueller,K (2380)/Hamburg 1990/EXT 97 (0-1, 93)}) (13. Bf4 {is a normal
developing move, maintaining White's advantage of space.} c5 (13... Re8 14. Qc2
Bf6 15. c5 $14 {Razuvaev,Y-Timoscenko,G/Vilnius 1969/MCD (1/2-1/2, 28)}) 14. d5
Re8 15. Qc2 {. Finally, White had to retreat with the queen to c2 anyway. The
fact that White has provoked ...Re8 is probably not too relevant, because
Black would play it later anyway. Thus, we can state that 13.Qc2 and 13.Bf4
are more or less equivalent.} exd5 16. cxd5 Bf6 17. Rd2 (17. Bh3 Qd8 18. Qa4
Ne5 19. Nxe5 Bxe5 20. Bxe5 Rxe5 21. d6 Qf6 $132 {[%cal Yb7h1] Radulov,I (2405)
-Gaudineau,E (2240)/Val Thorens 1998/EXT 2000 (1-0, 30)}) (17. Ng5 $5 $14)
17... Nf8 18. Rad1 h6 19. Qa4 (19. h4 $5 $14) 19... Ng6 20. Be3 Qf5 21. Qb5 Be7
22. a4 Rab8 23. a5 $14 {[%csl Yd5] Goldin,A (2570)-Akopian,V (2590)/Los
Angeles 1991/EXT 2000 (0-1, 48)}) 13... Nxe5 14. dxe5 Rb8 15. Qg4 Rd8 16. Bh6
Bf8 17. h4 Qc7 $146 {Technically speaking, this is a novelty.} ({However,} 
17... c5 {led to similar play in the game Barshevich,V (2235)-Gladischev,O 
(2335)/Alushta 1997/EXT 2000 (1-0, 33). Only Black's further inaccuracies led
him to defeat.}) 18. Bg5 Rxd1+ 19. Rxd1 c5 20. Bxb7 Rxb7 21. Qe4 h6 22. Bf4 Be7
23. h5 Rb8 24. b3 Rd8 25. Rxd8+ Bxd8 $11 {White's advantage of space does not
offer him real chances for success. There are certain lines of the Caro-Kann
where the same structure with the same material situation arises on board. The
significant difference is that in the CK the black king finds itself on the
queenside, being more exposed and leaving the other wing relatively vulnerable.
For instance, the incursion of the white queen to h7 could be rather
unpleasant for Black. This small detail marks the difference between +/= in
the CK and = here.} 26. Be3 Qd7 27. Kg2 a5 28. a4 Be7 29. Qa8+ Kh7 30. Qe4+ Kg8
31. Qa8+ Kh7 32. Qf3 Kg8 33. Qe2 Bd8 34. f3 Bc7 35. Bf2 Qc6 36. g4 Bb8 37. Bg3
Bc7 38. Qd3 Qe8 39. Kf2 Qc6 40. Ke3 Kh8 41. Kf2 Kg8 42. f4 Qe8 43. Qe4 Qd7 44.
Ke2 Bd8 45. Bf2 Be7 46. Be3 Qd8 47. Qc6 Kh7 48. Qg2 Qd7 49. Qe4+ g6 50. Qh1 Bf8
51. g5 hxg5 52. hxg6+ Kxg6 53. Qe4+ Kg7 54. fxg5 Qd8 55. Qh1 Kg8 56. Qe4 Kg7
57. Qh1 Kg8 58. Qg2 Kg7 59. Qh1 1/2-1/2